| 000 | 01730nam a2200397 c 4500 | ||
|---|---|---|---|
| 003 | BLK | ||
| 005 | 20230817093748.0 | ||
| 008 | 180408b bul|||||r ||||||| ||bul|| | ||
| 010 | _aKNG00065330000 | ||
| 040 | _aBLK | ||
| 041 |
_aENG _cENG _hBUL |
||
| 080 |
_aЛексикология. Езикови речници и разговорници. Лексикография _b81`374 _x=111=163.2 _z81`374=111=163.2 |
||
| 139 |
_aАнглийско-български речник _bА 64 |
||
| 245 | 1 | 0 |
_aАнглийско-български речник _bТ. 1 - 2 _cсъстав. Теодора Пантелеева Атанасова. _nТ. 2 _pJ - Z |
| 246 | 1 | 1 | _aEnglish-Bulgarien Dictionary : Vol. 1 - 2 |
| 250 | _a3. изд. с добавка | ||
| 257 | _aBGR | ||
| 260 |
_bБАН _c1985 |
||
| 300 | _c25 см | ||
| 380 | _a80 | ||
| 500 | _aДруги състав. : Е. Машалова, М. Ранкова, Р. Русев, Г. Чакалов. - Изд. на БАН. Инст. за бълг. ез. - 1. изд. 1967. - 50 000 тир. | ||
| 650 | 4 |
_aАнглийски език - речници, английско-български _9241873 |
|
| 653 | _aречници | ||
| 653 | _aанглийски език | ||
| 653 | _aбългарски език | ||
| 700 | 1 |
_aАтанасова, Теодора Пантелеева _eсъстав. _9364286 |
|
| 720 |
_aT. Athanasova et al. _eпаралелен автор |
||
| 760 | 1 |
_b3. изд. с добавка _d1985 _h920 с. _tТ. 2 J - Z |
|
| 852 | _aЦб 319506 | ||
| 856 | 4 | _qpdf | |
| 856 | 4 | _qpdf | |
| 942 |
_cKNG _n0 |
||
| 944 |
_aCR _c13.06.2004 _lТеодора Пейчева-Дянкова _k30556 |
||
| 944 |
_aED _c19.09.2011 _lф / |
||
| 999 |
_c61137 _d61137 |
||
| 999 | _d61137 | ||